| 000 | 00470nam a2200169 4500 | ||
|---|---|---|---|
| 001 | 117187 | ||
| 003 | ES-MaACL | ||
| 005 | 20251116063101.0 | ||
| 007 | t| | ||
| 008 | 071121s1925 sp r ||||1| spa d | ||
| 100 | 1 |
_aPeña Boeuf, Alfonso, _d1888-1966 _990253 |
|
| 245 | 1 | 0 |
_aMecánica elástica / _cAlfonso Peña Boeuf. |
| 260 |
_aMadrid : _bVoluntad, _c1925. |
||
| 300 |
_a307 p. ; _c24 cm. |
||
| 852 |
_aES-MaACL _jF-92 _bR.5147 |
||
| 999 |
_c117187 _d117187 |
||